| 000 | 00896nam a2200241 a 4500 | ||
|---|---|---|---|
| 999 |
_c8499 _d8499 |
||
| 001 | 8499 | ||
| 003 | BD-JhCC | ||
| 005 | 20180226103648.0 | ||
| 008 | 180226s2013 bg a|||| ||a| 000 0 ben d | ||
| 035 | _a(BD-JhCC)8499 | ||
| 040 |
_aBD-JhCC _dBD-JhCC |
||
| 041 | _aben | ||
| 082 |
_a330 _bHOS 2013 |
||
| 100 | _aহোসেন, মো: কামাল | ||
| 245 |
_aঅর্থনীতি প্রথম পত্র একাদশ-দ্বাদশ শ্রেণি / _cমো: কামাল হোসেন, মো: বাহেজ উদ্দিন এবং মো: শামসুল হুদা |
||
| 260 |
_aঢাকা : _bপুথিনিলয়, _c2013 |
||
| 300 |
_a240 p. : _c24 cm. |
||
| 650 | _aEconomics | ||
| 700 | _aউদ্দিন, মো: বাহেজ | ||
| 700 | _aহুদা, মো: শামসুল | ||
| 942 |
_2ddc _cBK |
||